000 00568nam a2200217Ia 4500
005 20260429111926.0
008 260429s9999||||xx |||||||||||||| ||und||
020 _a9788196667450
041 _aEnglish
082 _a540
_bDIA
100 _aDiaz, Franklin
245 0 _aChemistry basics /
_cFranklin Diaz
250 _a1st ed.
260 _aJaipur :
_bKeya International Press LLP,
_c2025.
300 _aviii, 280 p.; hb
650 _a Basic chemistry
650 _a General chemistry
650 _a Science education
650 _aChemistry
942 _cTB
999 _c51458
_d51458